Statistics for The Big General Knowledge Quiz

Click here to take the quiz!

General Stats

  • This quiz has been taken 27 times
  • The average score is 12 of 35

Answer Stats

HintAnswer% Correct
How many legs does a lobster have?Eight
91%
What is the biggest state in the USA?Alaska
87%
Which country has won the most World Cups, winning the tournament 5 times?Brazil
87%
What is the capital of Hawaii?Honolulu
83%
What is the best-selling book of all time?The Bible
70%
In what year did Rihanna's breakout hit ' Umbrella ', release?2007
65%
What is the longest river in the world?River Nile
65%
Who wrote Oliver Twist?Charles Dickens
61%
Who does David Schwimmer play in the hit TV Show ' Friends '?Ross Geller
57%
Which famous singer has previously owned Watford?Elton John
52%
In what country did Mojitos originate?Cuba
39%
Which bird can fly backwards?Hummingbird
39%
Which British team was the first to win the European Cup? ( Now Champions League )Celtic
35%
What manager was famously known for giving the ' Hairdryer Treatment ' to some of his players?Sir Alex Ferguson
35%
Who holds the record for most goals scored in a single European Championship tournament, scoring 9 times in the 1984 version of the competition?Michel Platini
30%
How many times has Katie Price been married?Three times
30%
Which 2 English footballers have won the World Cup Golden Boot?Gary Lineker & Harry Kane
26%
Which team is represented by Piemonte Calcio in Fifa 20?Juventus
26%
How many clubs competed in the inaugural Premier League season?Twenty-Two
26%
Who is the only player to win the Champions League with 3 different clubs? ( AC Milan, Real Madrid, Ajax )Clarence Seedorf
22%
After what event did Lionel Messi retire internationally before performing a U-turn?Copa America
22%
Who is the all-time Bundesliga top scorer, with 365 goals?Gerd Muller
22%
Which goalkeeper has the most clean sheets in Premier League history, with 202?Petr Cech
22%
Who scored the winning goal in the Euro 2000 final between France and Italy?David Trezeguet
17%
What was the name of Harry Potter's mother?Lily Evans Potter
17%
Who scored the Premier League's fastest hat-trick, scoring the 3 goals in just 2 minutes and 56 secondsSadio Mane
17%
Who is the most capped German footballer of all time?Lothar Matthaus
13%
What does Cristiano Ronaldo shout when he scores a goal?SIIII!
13%
Which footballer appeared in a Champions League final in 3 different decades?Ryan Giggs
9%
Which club's nickname is Los Colchoneros, which means ' The Mattress Makers '?Atletico Madrid
4%
In what English city does the River Thames start?Gloucestershire
4%
What fictional city is the series ' Stranger Things ' located in?Hawkins
4%
What does IPA stand for?Indian Pale Ales
0%
What is the real name of Lady Gaga?Stefani Joanne Angelina Germanotta
0%
What is the only venomous snake in Britain?The Adder Snake
0%

Score Distribution

Percentile by Number Answered

Percent of People with Each Score

Your Score History

You have not taken this quiz